000 00398nam a22001697a 4500
999 _c10705
_d10705
003 OSt
008 210710b ||||| |||| 00| 0 eng d
020 _a9788173719547
082 _a004.678 BAI
100 _aBAHGA,Arshdeep
245 _aInternet of Things
260 _aNew Delhi
_bUniversity Press
_c2020
300 _a520
650 _aMCA
700 _aMADISETTI,Vijay
942 _2ddc
_cBK
_03